<?xml version="1.0" encoding="UTF-8"?><?xml-stylesheet type="text/xsl" href="static/style.xsl"?><OAI-PMH xmlns="http://www.openarchives.org/OAI/2.0/" xmlns:xsi="http://www.w3.org/2001/XMLSchema-instance" xsi:schemaLocation="http://www.openarchives.org/OAI/2.0/ http://www.openarchives.org/OAI/2.0/OAI-PMH.xsd"><responseDate>2026-04-29T13:49:06Z</responseDate><request verb="GetRecord" identifier="oai:riubu.ubu.es:10259/6715" metadataPrefix="marc">https://riubu.ubu.es/oai/request</request><GetRecord><record><header><identifier>oai:riubu.ubu.es:10259/6715</identifier><datestamp>2024-07-16T11:19:32Z</datestamp><setSpec>com_10259_9391</setSpec><setSpec>com_10259_5087</setSpec><setSpec>com_10259_2728</setSpec><setSpec>col_10259_9392</setSpec></header><metadata><record xmlns="http://www.loc.gov/MARC21/slim" xmlns:doc="http://www.lyncode.com/xoai" xmlns:xsi="http://www.w3.org/2001/XMLSchema-instance" xmlns:dcterms="http://purl.org/dc/terms/" xsi:schemaLocation="http://www.loc.gov/MARC21/slim http://www.loc.gov/standards/marcxml/schema/MARC21slim.xsd">
<leader>00925njm 22002777a 4500</leader>
<datafield tag="042" ind1=" " ind2=" ">
<subfield code="a">dc</subfield>
</datafield>
<datafield tag="720" ind1=" " ind2=" ">
<subfield code="a">Martín Sanz, Javier</subfield>
<subfield code="e">author</subfield>
</datafield>
<datafield tag="520" ind1=" " ind2=" ">
<subfield code="a">El presente trabajo tiene como objetivo principal analizar la influencia del uso de derivados financieros en las empresas del sector comerciante de cereales español. Para llevar a cabo el estudio se ha seleccionado una muestra de 301 empresas para el periodo comprendido entre el año 2018 y 2020. Los resultados muestran que la relación entre el uso de derivados y la rentabilidad y riesgo soportado por las empresas de este sector no es significativa desde el punto de vista estadístico. Ello parece indicar que las empresas de cereales que utilizan estas coberturas no obtienen de las mismas las expectativas esperadas.</subfield>
</datafield>
<datafield tag="520" ind1=" " ind2=" ">
<subfield code="a">The main purpose of this paper is to analyze the influence of the use of financial derivatives in the companies of the Spanish cereal trading sector. To accomplish the study, a sample of 301 companies has been selected for the period between 2018 and 2020. The results show that the relationship between the use of derivatives and the performance and risk borne by companies in this sector is not statistically significant. Therefore, the results seem to indicate that the cereal companies, which use these hedges do not obtain the same expectations.</subfield>
</datafield>
<datafield tag="024" ind2=" " ind1="8">
<subfield code="a">http://hdl.handle.net/10259/6715</subfield>
</datafield>
<datafield ind1=" " ind2=" " tag="653">
<subfield code="a">Derivados</subfield>
</datafield>
<datafield ind1=" " ind2=" " tag="653">
<subfield code="a">Riesgo</subfield>
</datafield>
<datafield ind1=" " ind2=" " tag="653">
<subfield code="a">Rentabilidad</subfield>
</datafield>
<datafield ind1=" " ind2=" " tag="653">
<subfield code="a">Materias primas</subfield>
</datafield>
<datafield ind1=" " ind2=" " tag="653">
<subfield code="a">Cereales</subfield>
</datafield>
<datafield ind1=" " ind2=" " tag="653">
<subfield code="a">Derivatives</subfield>
</datafield>
<datafield ind1=" " ind2=" " tag="653">
<subfield code="a">Risk</subfield>
</datafield>
<datafield ind1=" " ind2=" " tag="653">
<subfield code="a">Performance</subfield>
</datafield>
<datafield ind1=" " ind2=" " tag="653">
<subfield code="a">Commodities</subfield>
</datafield>
<datafield ind1=" " ind2=" " tag="653">
<subfield code="a">Cereals</subfield>
</datafield>
<datafield tag="245" ind1="0" ind2="0">
<subfield code="a">La influencia del uso de los derivados sobre el riesgo y la rentabilidad corporativas: una aplicación al sector comerciante de cereal en España</subfield>
</datafield>
</record></metadata></record></GetRecord></OAI-PMH>